000 00651nam a2200253Ia 4500
003 OSt
005 20221007103333.0
006 a|||||r|||| 00| 0
007 ta
008 221006b |||||||| |||| 00| 0 hin d
024 _a12,858
037 _cTextual
040 _aLCO
_cLCO
_bhin
041 _2hin
_ahin
082 _aZ2,9298, P2
100 _aKesari U.P.D
_9682232
245 0 _aPrashasnik Vidhi
250 _a16th
260 _aAllahabad
_bCentral Law Publication India
_c2002
300 _a480
650 _aADMINISTRATIVE LAW
_9681514
942 _hZ2,9298, P2
_cTEXL
999 _c1182421
_d1182421